Statistiques concernant Mais quel lac ?

Cliquez ici pour prendre le quiz!

Statistiques générales

  • Ce quiz a été pris 44 fois
  • Le résultat moyen est 8 sur 15

Statistiques - réponses

VilleLac% Correct
MontreuxLac Léman
98%
IrkoutskLac Baïkal
85%
TorontoLac Ontario
80%
MilwaukeeLac Michigan
75%
KampalaLac Victoria
75%
Constance ;)Lac de Constance
73%
BakouMer Caspienne
73%
BujumburaLac Tanganyika
48%
AssouanLac Nasser
43%
LochendLoch Ness
43%
CapharnaümLac de Tibériade
38%
LeccoLac de Côme
30%
BolLac Tchad
20%
GranadaLac Nicaragua
10%
DélįneGrand Lac de l'Ours
8%

Distribution des résultats

Percentile par nombre de réponses

% des personnes avec chaque résultat

Votre développement - résultats

Vous n’avez pas pris ce quiz